Solid ground : (Record no. 10276)

MARC details
000 -LEADER
fixed length control field 01104cam a22003014a 4500
001 - CONTROL NUMBER
control field 17052712
003 - CONTROL NUMBER IDENTIFIER
control field GBCCL
005 - DATE AND TIME OF LATEST TRANSACTION
control field 20241126110728.0
008 - FIXED-LENGTH DATA ELEMENTS--GENERAL INFORMATION
fixed length control field 111121s2012 nju b 100 0 eng
010 ## -
-- 2011047685
020 ## - INTERNATIONAL STANDARD BOOK NUMBER
International Standard Book Number 9781596384033 (pbk.)
040 ## - CATALOGING SOURCE
Original cataloging agency DLC
Transcribing agency DLC
Modifying agency DLC
042 ## -
-- pcc
050 00 -
-- BS480
-- .P46 2012
082 00 - DEWEY DECIMAL CLASSIFICATION NUMBER
Classification number 220.1
Edition information 23
Item number SOL
111 2# -
-- Philadelphia Conference on Reformed Theology.
-- 17860
245 10 - TITLE STATEMENT
Title Solid ground :
Remainder of title the inerrant word of God in an errant world /
Statement of responsibility, etc. edited by Gabriel N.E. Fluhrer.
260 ## - PUBLICATION, DISTRIBUTION, ETC.
Place of publication, distribution, etc. Phillipsburg, N.J. :
Name of publisher, distributor, etc. P&R Pub.,
Date of publication, distribution, etc. c2012.
300 ## - PHYSICAL DESCRIPTION
Extent xiii, 155 p. ;
Dimensions 22 cm.
500 ## - GENERAL NOTE
General note Proceedings of conferences held 1975-2007.
504 ## - BIBLIOGRAPHY, ETC. NOTE
Bibliography, etc. note Includes bibliographical references.
630 00 - SUBJECT ADDED ENTRY--UNIFORM TITLE
Uniform title Bible
General subdivision Evidences, authority, etc.
Form subdivision Congresses.
9 (RLIN) 17861
650 #0 - SUBJECT ADDED ENTRY--TOPICAL TERM
Topical term or geographic name entry element Reformed Church
General subdivision Doctrines
Form subdivision Congresses.
9 (RLIN) 17862
700 1# - ADDED ENTRY--PERSONAL NAME
Personal name Fluhrer, Gabriel N. E.,
Dates associated with a name 1978-
9 (RLIN) 17255
906 ## - LOCAL DATA ELEMENT F, LDF (RLIN)
a 7
b cbc
c orignew
d 1
e ecip
f 20
g y-gencatlg
942 ## - ADDED ENTRY ELEMENTS (KOHA)
Source of classification or shelving scheme Dewey Decimal Classification
Koha item type Books
Holdings
Withdrawn status Lost status Source of classification or shelving scheme Damaged status Not for loan Home library Current Library Shelving location Date acquired Total checkouts Full call number Barcode Date last seen Copy number Price effective from Koha item type
    Dewey Decimal Classification     GRACE BIBLE COLLEGE GRACE BIBLE COLLEGE Biblical Studies 2024-05-10   220.1 SOL 020541 2025-05-01 c.1 2024-05-10 Books
© Grace Bible College Library 2025